Quizzes
Events
Quiz Creation
Community
Videos
Private Events
Remove Ads
Sign In
Join for FREE
Feedback
Dark Mode
Quiz Categories
Sports
Geography
Music
Movies
Television
Just For Fun
Miscellaneous
History
Literature
Language
Science
Gaming
Entertainment
Religion
Holiday
For Kids
Quiz Lab
Recent
Popular Today
Quiz Kudos Today
Editor Picks
Curator Picks
Quizzes by...
Day
Popularity
Type
Ratings
Length
Year
Community
Subscriptions
Recent Discussions
Orange Saloon
Badges
Playlists
Quests
Create
Leaderboards
Showdown
Live 5
Trivia Bingo
Activity
Puzzle Library
Sporcle Events
Private Events
Virtual Trivia
Globe League
Become a Host
Pub Owners
SporcleCon
Opinionation
Our Games
Videos
Blog
Mobile Apps
Partnerships
Remove Ads and Go Orange
Feedback
Just For Fun
Clickable
Get the Picture
Humor
Quick Pick
Word Ladder
Missing Word
Mixed Word
Blitz
Minefield
This or That
Alphabet
Color
Typing
Sporcle
Puzzle
Word Play
Follow That Line
Logic
Just For Fun
Clickable
Get the Picture
Humor
Quick Pick
Word Ladder
Missing Word
Mixed Word
Blitz
Minefield
This or That
Alphabet
Color
Typing
Sporcle
Puzzle
Word Play
Follow That Line
Logic
Random Quiz
Search Sporcle
×
Editor Pick
Editor Pick
Just For Fun
Word Play
Type in answers that appear in a list
Type in answers that appear in a list
Classic
Best Score? Go Orange.
Confused Clichés and Sayings Stats
Can you name what should be the correct word in these mangled sayings?
By
JoeBeta
6m
30 Questions
1,411 Plays
1,411 Plays
1,411 Plays
Comments
Comments
Give Quiz Kudos
Give Quiz Kudos
-
- Ratings
hide this ad
More Info
Replay
Link that replays current quiz
Next Quiz
Link to next quiz in quiz playlist
You Got
0%
They Got
Avg Score
71%
Avg Friend Score
Upgrade to see
Score Distribution
Jump to the score distribution portion of the page
Score
0/30
Timer
06:00
0
Plays Today
Hint
Answer
% Correct
All's fair in love and sex.
war
92.8%
An acorn doesn't fall far from the squirrel.
tree
92.4%
All that glitters is not glitter.
gold
91.6%
Booty is in the eye of the beholder.
beauty
91.6%
Absence makes the heart grow hair.
fonder
90.2%
You can lead a horse to water, but you can't make him sing.
drink
85.9%
It's not whether you win or lose; it's how you play the piano.
game
85.8%
It takes two to twerk.
tango
85.3%
People who live in glass houses shouldn't throw parties.
stones
83.7%
Don't eat your chickens before they're hatched.
count
83%
A rose by any other name would taste as sweet.
smell
82.4%
All work and no play makes Jack a rich boy.
dull
81.7%
Early to bed, early to rise, makes a man healthy, wealthy and sleepy.
wise
80.8%
A fool and his honey are soon parted.
money
80%
The road to hell is paved with good vibrations.
intentions
78.9%
Hint
Answer
% Correct
If you can't stand the heat, get out of the toaster.
kitchen
78.8%
A bird in hand is worth two in the tummy.
bush
77.9%
Ask me no questions, and I'll tell you no answers.
lies
77.7%
It's all fun and games until someone loses an umbrella.
eye
73.3%
The squeaky wheel gets the worm.
grease
71.8%
Don't cut off your nose to improve your face.
spite
66.5%
You can't make an impression without breaking some eggs.
omelette
63.9%
He couldn't hit the broad side of a chicken.
barn
63.2%
He's as phony as a twelve dollar bill.
three
61%
A lie can travel halfway around the world while the truth is putting on its deodorant.
shoes
51.1%
An ounce of prevention is worth a pound of bacon.
cure
50.3%
Be it ever so expensive, there's no place like home.
humble
42.1%
Let's run it up the flagpole and see if anyone shoots.
salutes
37.9%
One man's meat is another man's vegetable.
poison
24.7%
Build a better mousetrap, and the mice will beat a path to your door.
world
23.2%
Quiz Playlist
Details
Report
Send in Message
Add To Playlist
More Info:
* Example - If given "A rolling stone gathers no donations", then type in the more commonly used word - "moss".
Classic:
Type in answers that appear in a list
Last Updated: Feb 16, 2017
Editor Pick in
Just For Fun
Quiz Scoreboard
CHALLENGE
Sign Up to Join the Scoreboard
Show All
Scores
Hide
Comments
May contain spoilers
Recently Published
Presidents Visiting Landmarks
by Hejman
History
7m
An Introduction to Baseball
by treessimontrees
Sports
5m
Movies - When Are They Set?
by FPL_Elf
Movies
5m
More to Explore
Quiz From the Vault
Featured Blog Post
Where Did the Easter Bunny Come From?
hide this ad
You Might Also Like...
Tags
Word Play Quiz
cliche
Saying
Today's Top Quizzes in Just For Fun
Browse Just For Fun
hide this ad
Today's Top Quizzes in Word Play
Browse Word Play
Top Contributed Quizzes in Just For Fun
1
Crossword Whiteout! 49
2
Killer Double Trees 224 - Colour Match-Up
3
Harry Potter Logic - 'In Chains' II
4
Spring Typing Challenge
5
Survivor Winners Logic Puzzle
6
Zeroing In: Just For Fun
7
Word Ladder: Ahoy Matey
8
Edinburgh Fringe jokes 2015
9
Thermometer Puzzle 25
10
Aquarium Logic Puzzle 17
Explore More
Trending Topics
Disney
Anime
Crossword
Harry Potter
Marvel
Kpop
NBA
Puzzle
Pokémon
WWE
Country
The Office
Soccer
NFL
Song
hide this ad
More By:
JoeBeta
Quiz
Plays
Rating
Category
Featured
Created
Image Word Wheel
180,310
4.30
Just For Fun
Sep 7, 2015
Movie Titles on a Map
168,000
4.53
Movies
Jun 12, 2014
UK/US Translation Match
163,422
4.17
Language
Jan 17, 2013
Cities in Movie Titles on a Map
158,280
4.52
Movies
Jun 13, 2014
Classic American Food
157,287
4.05
Miscellaneous
Jan 24, 2014
Go to Creator's Profile
Score Distribution
Quiz Creator Spotlight
JoeBeta
Follow
Send a Message
Quizzes Created
-
Created Quiz Play Count
-
More By This Creator
Popular Quizzes Today
1
Find the US States - No Outlines Minefield
2
Find the Countries of Europe - No Outlines Minefield
3
The Countries of the World
4
Popular People in 1961
5
Find the US States
6
US States
7
Risky Map Clicking: Biggest States A-Z
8
1-10 Letter E Words III
More Just For Fun Quizzes
Word Ladder: Titanic Plot Spoiler!
Published
Trending Quizzes
Risky Map Clicking: Least Populous States A-Z
1-10 Letter F Words
1-10 Letter G Words
One Thing in Common: United Kingdom
Risky Map Clicking: Next State Alphabetically
Recently Updated
Leaping Animals
pecheneg
Reality TV Shows (A-Z)
bhenderson79
Rickey Henderson's Hall of Fame Teammates
pecheneg
Champions League XIs: Arsenal
pecheneg
Quick Pick: Celebrities in WWE's Hall of Fame
aduchscher
A-Z Keypad Blitz II
pecheneg
Multiple Oscar Actors
pecheneg
Mystery Phrase Blitz: Oscar 'Best Actors'
pecheneg
F. Scott Fitzgerald Novels
LTH
Pick 3 Villains
ddd62291
Trending Topics
Anime
Harry Potter
NBA
Disney
Crossword
Marvel
Kpop
NFL
WWE
Soccer
Country
Pokémon
Puzzle
Song
The Office
Your Account Isn't Verified!
In order to create a playlist on Sporcle, you need to verify the email address you used during registration. Go to your
Sporcle Settings
to finish the process.
Report this User
Report this user for behavior that violates our
Community Guidelines
.
Details:
Send Report
Go to the Sporcle.com Mobile Site →
Comments